Thực hành tiếng Anh trong kiến trúc và xây dựng /

Gespeichert in:
Bibliographische Detailangaben
1. Verfasser: Đỗ Văn Thái.
Format: Buch
Sprache:Vietnamese
Veröffentlicht: Hà Nội : Khoa học và kỹ thuật, 1999.
Schlagworte:
Tags: Tag hinzufügen
Keine Tags, Fügen Sie den ersten Tag hinzu!
Thư viện lưu trữ: Mạng thư viện Đại học Đà Nẵng
LEADER 00921cam a2200349 i 4500
001 000042369
003 243
005 20041029090533.0
008 010217b1999 vm 000 vie
020 |c 25000 
022 |a T 
040 |a IRC  |c IRC  |d IRC 
041 0 |a vie 
082 1 4 |a 428  |b ĐÔ-T 
100 1 |a Đỗ Văn Thái. 
245 1 0 |a Thực hành tiếng Anh trong kiến trúc và xây dựng /  |c Đỗ Văn Thái. 
260 |a Hà Nội :  |b Khoa học và kỹ thuật,  |c 1999. 
300 |a 331 tr. ;  |c 20,5 cm. 
630 0 4 |a Anh ngữ. 
630 0 4 |a Kiến trúc phong cảnh. 
630 0 4 |a Xây dựng. 
650 0 4 |a Anh ngữ  |x Kiến trúc và xây dựng. 
OWN |a DUT 
999 |a From the UDN01 
TYP |a Monograph 
TYP |a Printed language 
980 |a Mạng thư viện Đại học Đà Nẵng